000 00848nam a2200241Ia 4500
003 GCL
008 140319s9999 xx 000 0 ara d
040 _aGCL /
_cGCL
082 0 4 _a005.13
_bا ا
100 1 _aايدى، ساندرا
245 1 0 _aاكتيف سيرفر بيدجيز 3 /
_cايدى، ساندرا
700 1 _aلورنت، سايمون سانت
700 1 _aكالماير، سكوت
260 _aالقاهرة :
_bدار الفاروق للنشر والتوزيع ،
_c2004
300 _a576 ص ؛
_c24 سم
490 _aعلم نفسك
_v0
650 0 4 _aنظم المعلومات
650 0 4 _aالحاسبات الالكترونية - برامج
650 0 4 _aالإنترنت
650 0 4 _aالحاسبات الالكترونية - لغات
650 0 4 _aاكتيف سيرفر بيدجيز 3
942 _2ddc
_cBK
999 _c7230
_d7230